000 00629nam a2200205 a 4500
001 000024281
005 20200930022855.0
008 110125s1996 xxua r 001 0 eng d
020 _a0870409581
040 _aDO-SdBNP
_bspa
_cBNPHU
082 _axxxxx
_bR361j
100 1 _aReiko, Takenada
_949845
245 1 0 _aJapanese Flower Arrangement :
_bikebana, step by step /
_cReiko Takenada ; traductor Yoko Ishiguro.
250 _a2a ed.
260 _aNew York :
_bKodansha America,
_c1996.
300 _a132 p. :
_bil. ;
_c26 cm.
500 _aIncluye índice de flores.
700 1 _aYoko, Ishiguro,
_etr.
_949846
049 _aBNGR
999 _c23775
_d23775